Vista normal
Vista MARC
Entrada Personal Name
Número de registros utilizados en: 1
001 - CONTROL NUMBER
- control field: 38743
003 - CONTROL NUMBER IDENTIFIER
- control field: OSt
005 - DATE AND TIME OF LATEST TRANSACTION
- control field: 20210726161950.0
008 - FIXED-LENGTH DATA ELEMENTS
- fixed length control field: 210726|| aca||aabn | a|a d
040 ## - CATALOGING SOURCE
- Original cataloging agency: OSt
- Transcribing agency: OSt
100 ## - HEADING--PERSONAL NAME
- Personal name: Victoria Mejía, María,
- Dates associated with a name: traductora
670 ## - SOURCE DATA FOUND
- Source citation: Work cat.: (OSt)11934: Conferencia Internacional sobre Remesas de los trabajadores : impacto en el desarrollo, oportunidades para el sector financiero y perspectivas futuras (2003 : Londres) 38737, Las remesas : , 2005.